Poonam ki raat / (Record no. 44617)

MARC details
000 -LEADER
fixed length control field 01151njm a22002777a 4500
005 - DATE AND TIME OF LATEST TRANSACTION
control field 20100908162858.0
006 - FIXED-LENGTH DATA ELEMENTS--ADDITIONAL MATERIAL CHARACTERISTICS--GENERAL INFORMATION
fixed length control field a|||||r|||||00| 0
007 - PHYSICAL DESCRIPTION FIXED FIELD--GENERAL INFORMATION
fixed length control field sd ammalaaahaa
008 - FIXED-LENGTH DATA ELEMENTS--GENERAL INFORMATION
fixed length control field 100830t xxu||||| |||| 00| 0 eng d
028 ## - PUBLISHER NUMBER
Publisher number N.54762
Source His Master's Voice
035 ## - SYSTEM CONTROL NUMBER
System control number GR-01325
040 ## - CATALOGING SOURCE
Original cataloging agency SED
Transcribing agency SED
100 ## - MAIN ENTRY--PERSONAL NAME
Personal name Sahu, Kishore
9 (RLIN) 18698
245 ## - TITLE STATEMENT
Title Poonam ki raat /
Statement of responsibility, etc by Kishore Sahu Production; sung by Lata Mangeshkar; music dtn by Salil Chowdhury; lyric by Shailendra
Medium [sound recording]:
246 ## - VARYING FORM OF TITLE
Title proper/short title पूनम की रात / किशोर साहू प्रोडक्शन द्वारा
260 ## - PUBLICATION, DISTRIBUTION, ETC. (IMPRINT)
Place of publication, distribution, etc Dum Dum, India
Name of publisher, distributor, etc His Master 's Voice
Date of publication, distribution, etc 1965
300 ## - PHYSICAL DESCRIPTION
Extent 1 sound disc [GramphoneRecording]:
Other physical details analog,33.1/3 rpm
Dimensions 9.5 in.(MP)
Type of unit Gramphones Records
500 ## - GENERAL NOTE
General note Brief Record
505 ## - FORMATTED CONTENTS NOTE
Formatted contents note साथी रे (Sathi re) (Lata Mangeshlar)
650 ## - SUBJECT ADDED ENTRY--TOPICAL TERM
General subdivision Experts
Geographic subdivision India
9 (RLIN) 17446
Topical term or geographic name as entry element Motion picture music
700 ## - ADDED ENTRY--PERSONAL NAME
Personal name Mangeshkar, Lata
9 (RLIN) 18760
700 ## - ADDED ENTRY--PERSONAL NAME
Personal name Chowdhury, Salil
9 (RLIN) 18871
700 ## - ADDED ENTRY--PERSONAL NAME
Personal name Shailendra
9 (RLIN) 19026
942 ## - ADDED ENTRY ELEMENTS (KOHA)
Source of classification or shelving scheme Dewey Decimal Classification
Item type Gramaphone Records
Holdings
Withdrawn status Lost status Source of classification or shelving scheme Damaged status Not for loan Collection code Home library Current library Date acquired Source of acquisition Total Checkouts Barcode Date last seen Copy number Price effective from Koha item type
    Dewey Decimal Classification   Not For Loan Non-fiction Central Library Central Library 08/09/2010 SED/VEN   GR-01325 08/09/2010 1 08/09/2010 Gramaphone Records

© Delhi Public Library
Hit Counter
free hit counter